000 00428nam a2200181Ia 4500
008 210210b1959 xxu||||| |||| 00| 0 eng d
041 _aeng
082 _a423/5
100 _aFOWLER (F G)
245 _aPocket oxford dictionary
260 _aOxford
_bAt the Clarendon Press
_c1959
650 _aPocket
650 _aoxford
650 _adictionary
690 _aDictionaries
700 _aFOWLER (H W)
906 _a005756
999 _c128757
_d128757